| 000 | 00738nam a2200217 a 4500 | ||
|---|---|---|---|
| 003 | MX-MxUPN | ||
| 005 | 20240611101146.0 | ||
| 008 | 991125s1915 fr a r 000 0 spa d | ||
| 035 | _aUPN01000019881 | ||
| 040 |
_aMX-MxUPN _bspa _cMX-MxUPN |
||
| 041 | 0 | _aspa | |
| 050 | 4 |
_aLB1585 M6 _bB4.48 1915 |
|
| 100 | 1 |
_aBert, Paul, _d1833-1886 _952299 |
|
| 245 | 1 | 0 |
_aEnseñanza científica : _bciencias físicas y naturales / _cpor Paul Bert ; tr. E. Gadea. |
| 250 | _a16a ed. rev. y aum | ||
| 260 |
_aParís : _bLibrería Armand Colín, _c1915. |
||
| 300 |
_a385 páginas : _bilustraciones |
||
| 650 | 4 |
_aCiencias naturales _xEstudio y enseñanza (Elemental) _92812 |
|
| 650 | 4 |
_aCiencias naturales _vLibros de texto _910151 |
|
| 942 |
_2lcc _cLIBRO |
||
| 999 |
_c19881 _d19881 |
||